| LEADER | 00563cam a2200193 7i4500 | ||
|---|---|---|---|
| 001 | 0000034900 | ||
| 005 | 20180327090000.0 | ||
| 007 | ##ta | ||
| 008 | 180315 | ||
| 020 | # | # | |a 967701160X |
| 040 | # | # | |a MATR |
| 090 | 0 | 0 | |a T 382.7 |b CUS (M) |
| 245 | 0 | 4 | |a THE ALPHABETICAL INDEX TO THE CUSTOMS DUTIES ORDER 2017 : |b MALAYSIA. |
| 264 | 2 | 0 | |a Kuala Lumpur: |b MDC Publishers Sdn Bhd, |c 2017. |
| 336 | # | # | |a text |2 rdacontent |
| 337 | # | # | |a unmediated |2 rdamedia |
| 338 | # | # | |a volume |2 rdacarrier |
| 650 | 0 | 0 | |a Tariff -- |z Malaysiar |
| 999 | |a B000040124 |b Book |c Tariffs |e Business Information Centre | ||


